<?xml version="1.0" encoding="UTF-8"?><?xml-stylesheet type="text/xsl" href="static/style.xsl"?><OAI-PMH xmlns="http://www.openarchives.org/OAI/2.0/" xmlns:xsi="http://www.w3.org/2001/XMLSchema-instance" xsi:schemaLocation="http://www.openarchives.org/OAI/2.0/ http://www.openarchives.org/OAI/2.0/OAI-PMH.xsd"><responseDate>2026-04-17T16:25:53Z</responseDate><request verb="GetRecord" identifier="oai:www.recercat.cat:2117/412451" metadataPrefix="marc">https://recercat.cat/oai/request</request><GetRecord><record><header><identifier>oai:recercat.cat:2117/412451</identifier><datestamp>2025-07-23T00:58:23Z</datestamp><setSpec>com_2072_1033</setSpec><setSpec>col_2072_452951</setSpec></header><metadata><record xmlns="http://www.loc.gov/MARC21/slim" xmlns:dcterms="http://purl.org/dc/terms/" xmlns:xsi="http://www.w3.org/2001/XMLSchema-instance" xmlns:doc="http://www.lyncode.com/xoai" xsi:schemaLocation="http://www.loc.gov/MARC21/slim http://www.loc.gov/standards/marcxml/schema/MARC21slim.xsd">
   <leader>00925njm 22002777a 4500</leader>
   <datafield ind2=" " ind1=" " tag="042">
      <subfield code="a">dc</subfield>
   </datafield>
   <datafield ind2=" " ind1=" " tag="720">
      <subfield code="a">Rul·lan Palou De Comasema, Jaume</subfield>
      <subfield code="e">author</subfield>
   </datafield>
   <datafield ind2=" " ind1=" " tag="260">
      <subfield code="c">2024-04</subfield>
   </datafield>
   <datafield ind2=" " ind1=" " tag="520">
      <subfield code="a">El projecte es centra a dissenyar un sistema web per a la planificació personalitza de dietes. El projecte té com a objectiu facilitar als usuaris la creació de plans alimentaris adaptats a les seves necessitats específiques, incloent-hi restriccions i preferències dietètiques. S'analitzen les plataformes existents per identificar les seves principals mancances: la falta de personalització i el seu preu. Per aquest motiu es proposa un disseny que pugui ajudar a optimitzar les tasques de compres d'aliments als usuaris i aporti noves funcionalitats gràcies a la integració d'eines d'intel·ligència artificial. El treball mostra el disseny de les funcionalitats de la plataforma, les interfícies d'usuari, l'arquitectura del sistema, la selecció de tecnologies apropiades i el disseny de la base de dades per tal de poder desenvolupar una plataforma amb característiques i requisits que la diferenciïn de les existents. Finalment, s'exposa la planificació que podria seguir el desenvolupament del projecte dissenyat, amb el seu cost econòmic estimat i l'impacte ambiental esperat del seu funcionament.</subfield>
   </datafield>
   <datafield tag="653" ind2=" " ind1=" ">
      <subfield code="a">Àrees temàtiques de la UPC::Informàtica::Aplicacions de la informàtica</subfield>
   </datafield>
   <datafield tag="653" ind2=" " ind1=" ">
      <subfield code="a">Web applications</subfield>
   </datafield>
   <datafield tag="653" ind2=" " ind1=" ">
      <subfield code="a">Software engineering</subfield>
   </datafield>
   <datafield tag="653" ind2=" " ind1=" ">
      <subfield code="a">Aplicacions web</subfield>
   </datafield>
   <datafield tag="653" ind2=" " ind1=" ">
      <subfield code="a">Enginyeria de programari</subfield>
   </datafield>
   <datafield ind2="0" ind1="0" tag="245">
      <subfield code="a">Disseny d'un sistema d’informació web per a l'elaboració de propostes a partir de components variables. Cas dieta</subfield>
   </datafield>
</record></metadata></record></GetRecord></OAI-PMH>